000 00426nam a2200145Ia 4500
008 180922s9999 xx 000 0 und d
020 _a9781118013854
100 _aBucci,Steve.
245 _cSteve Bucci.--
_aCredit management kit for dummies /
260 _aNew Jersey :
_bJohn Wiley & Sons
_c2011
300 _axviii, 384 pages.
500 _aincludes cd kit.
650 _aConsumer credit.
650 _aFinance, Personal.
999 _c358833
_d358833